00965 2200337 4500001002100000005001500021035002000036007000300056008004100059020002200100040002200122082001500144084001700159090002100176090002100197100003500218245006600253250003000319300004200349650001600391850001200407041000800419504003200427264003200459264002000491336002100511337003000532338002300562999002100585990002100606INLIS00000000084899420190628020148 a0010-0619000949ta190628t2019 yoia g ind  a978-623-209-654-7 aYOPDYOGbinderda04223a338.16 a338.16 THO b aDEP 338.16 THO b aCB-D.11 2019-6950 aThomas Wijaya,d1997-epenulis10aBentuk usaha dalam kegiatan ekonomi /cpenulis, Thomas Wijaya aCetakan Pertama: Mei 2019 axvi, 44 halaman :bilustrasi ;c29 cm 4aUsaha kecil aYOPDYOG0 aind aBibliografi : halaman 42-43 1aSleman :bDeepublish,c2019 4a© 2019 penulis 2rdacontentateks 2rdamediaatanpa perantara 2rdacarrieravolume aCB-D.11/2019-695 aCB-D.11/2019-695